Wymień Alfabetycznie Imiona na literę B - Statystyki

Ogólne statystyki
  • Ten quiz został rozwiązany 404 razy
  • Średni wynik to 5 z 12
Statystyki odpowiedzi
B Odpowiedź % Poprawnych
B Barbara
90%
B Bartek
63%
B Beata
49%
B Bogdan
49%
B Bożena
46%
B Bogumił
45%
B Bogusław
42%
B Błażej
31%
B Bogusława
27%
B Borys
20%
B Bianka
17%
B Beniamin
11%
Nie znaleziono quizów pasujących do podanych kryteriów
Rozkład punktacji
Procent ludzi z każdym wynikiem
Percentyl według liczby udzielonych odpowiedzi
Twoja historia wyników
Nie rozwiązałeś tego quizu